Reglamento de la Decisión 391 regimén común de acceso a los recursos genéticos. (Registro nro. 5215)

Detalles MARC
000 -CABECERA
Campo de control 00824nam a2200217 a 4500
005 - FECHA Y HORA DE LA ULTIMA TRANSACCION
Campo de control 20150326020004.0
008 - ELEMENTOS DE LONGITUD FIJA—INFORMACION GENERAL
Campo de control 140319b1997 bo ||||| |||| 00| 0 spa d
040 ## - FUENTE DE CATALOGACIÓN
Agencia catalogadora original CO-BoIAVH
Agencia transcriptora CO-BoIAVH
041 ## - IDIOMA
Código de idioma para texto/pista de sonido o título separado Español
044 ## - PAÍS DE PUBLICACIÓN
País de publicación Bolivia
082 04 - NUMERO DE CLASIFICACION DECIMAL DEWEY
Número de clasificación 333.953416
Número del ítem R33r
110 2# - ASIENTO PRINCIPAL--NOMBRE CORPORATIVO
Nombre corporativo o de jurisdicción como elemento de entrada Bolivia.
Unidad subordinad Ministerio de Desarrollo Sostenible y Medio Ambiente. Secretaría Nacional de Recursos Naturales y Medio Ambiente.
245 10 - MENCION DE TITULO
Título Reglamento de la Decisión 391 regimén común de acceso a los recursos genéticos.
260 ## - PUBLICACION, DISTRIBUCION, ETC. (PIE DE IMPRENTA)
Lugar de publicación, distribución, etc. La Paz:
Nombre del editor, distribuidor, etc. GEF,
-- Banco Mundial,
-- COSUDE,
-- PASNEPH,
-- Paises Bajos,
Fecha de publicación, distribución, etc. 1997?
300 ## - DESCRIPCION FISICA
Extensión 16 p.
Dimensiones 27 cm.
650 #4 - ASIENTO SECUNDARIO DE MATERIA - TERMINO TEMATICO
Término temático o nombre geográfico como elemento de entrada Acceso a recursos genéticos
Subdivisión geográfica Bolivia
650 #4 - ASIENTO SECUNDARIO DE MATERIA - TERMINO TEMATICO
Término temático o nombre geográfico como elemento de entrada Propiedad intelectual
650 #4 - ASIENTO SECUNDARIO DE MATERIA - TERMINO TEMATICO
Término temático o nombre geográfico como elemento de entrada Acuerdo de Cartagena
942 ## - ELEMENTOS ADICIONALES (KOHA)
Tipo de ítem Folleto
Sistema de clasificación Dewey Decimal Classification
Koha issues (borrowed), all copies 1
945 ## - PROCESAMIENTO LOCAL
AAAA-MM-DD - Fecha de ingreso o modificacion 2006-02-07
Existencias
Withdrawn status Lost status Sistema de Clasificación Damaged status No para préstamo Colección Inventariado Ubicación Permanente Ubicación actual Fecha de adquisición Total Checkouts Número topográfico Inventario / Código de Barras Date last seen Date checked out Ejemplar Price effective from Forma de adquisición Tipo de material
    Dewey Decimal Classification     General Inventariado 2017 Bogotá Bogotá 07/02/2006 1 LB-333.953416 R33r 023055 25/03/2015 25/03/2015 Ej. 1 04/12/2012   Folleto